Production ecology of ants and termites (Record no. 162557)

MARC details
000 -LEADER
fixed length control field 00495nam a22001817a 4500
003 - CONTROL NUMBER IDENTIFIER
control field OSt
020 ## - INTERNATIONAL STANDARD BOOK NUMBER
International Standard Book Number 0521215196
082 ## - DEWEY DECIMAL CLASSIFICATION NUMBER
Classification number 595.796
Item number BRI/PR
245 ## - TITLE STATEMENT
Title Production ecology of ants and termites
260 ## - PUBLICATION, DISTRIBUTION, ETC. (IMPRINT)
Place of publication, distribution, etc London
Name of publisher, distributor, etc Cambridge university press
Date of publication, distribution, etc 1978
300 ## - PHYSICAL DESCRIPTION
Extent 409p.
440 ## - SERIES TITLE
Title International Biological Programme
Volume Number V.13
546 ## - LANGUAGE
Language note English
650 ## - SUBJECT ADDED ENTRY--TOPICAL TERM
Topical term or geographic name as entry element Production by ants and termites
650 ## - SUBJECT ADDED ENTRY--TOPICAL TERM
Topical term or geographic name as entry element Nutrient dynamics of termites
700 ## - ADDED ENTRY--PERSONAL NAME
Personal name Brian, M V
942 ## - ADDED ENTRY ELEMENTS (KOHA)
Source of classification or shelving scheme Dewey Decimal Classification
Koha item type Reference Book
Holdings
Lost status Source of classification or shelving scheme Damaged status Not for loan Collection code Home library Current library Shelving location Date acquired Total Checkouts Full call number Barcode Date last seen Koha item type Public note
  Dewey Decimal Classification     General KAU Central Library, Thrissur KAU Central Library, Thrissur General 13/11/2018   595.796 BRI/PR 906413 13/11/2018 Books (General) Book transferred from CoH Library, Acc.No: 5528
Kerala Agricultural University Central Library
Thrissur-(Dt.), Kerala Pin:- 680656, India
Ph : (+91)(487) 2372219
E-mail: librarian@kau.in
Website: http://library.kau.in/